000 00430nam a2200181Ia 4500
001 19771
005 20260306172717.0
008 260306t2018||||xx |||||||||||||| ||spa||
041 _aESP
082 _a341.1
_bB45U
100 _aBertini, Ilaria
_eAUT
245 0 _aUso e abuso del richiamo alla natura
260 _c2018
300 _a135 páginas :
_c24 cm.
650 _aGEN
654 _aCDE
942 _cLIB
_dJUS
_fJUS
_2ddc
_n
999 _c19771
_d19771